You and your heart / (Record no. 134968)
[ view plain ]
| 000 -LEADER | |
|---|---|
| fixed length control field | 00690nam a22002417a 4500 |
| 005 - DATE AND TIME OF LATEST TRANSACTION | |
| control field | 20170124110237.0 |
| 010 ## - LIBRARY OF CONGRESS CONTROL NUMBER | |
| LC control number | B-094578 |
| 020 ## - INTERNATIONAL STANDARD BOOK NUMBER | |
| Terms of availability | 00.00 |
| International Standard Book Number | 8123908377 |
| 035 ## - SYSTEM CONTROL NUMBER | |
| System control number | B-094578 |
| 037 ## - SOURCE OF ACQUISITION | |
| Source of stock number/acquisition | Cen Lib/Ret |
| 040 ## - CATALOGING SOURCE | |
| Original cataloging agency | DPL |
| Language of cataloging | EN |
| 082 ## - DEWEY DECIMAL CLASSIFICATION NUMBER | |
| Classification number | 616.12 |
| Item number | LUT |
| 100 ## - MAIN ENTRY--PERSONAL NAME | |
| Personal name | Luthra, Atul |
| 9 (RLIN) | 20182 |
| 245 ## - TITLE STATEMENT | |
| Title | You and your heart / |
| Statement of responsibility, etc | by Atul Luthra |
| 246 ## - VARYING FORM OF TITLE | |
| Remainder of title | |
| 260 ## - PUBLICATION, DISTRIBUTION, ETC. (IMPRINT) | |
| Name of publisher, distributor, etc | CBS Publishers |
| Date of publication, distribution, etc | 2002 |
| Place of publication, distribution, etc | New Delhi |
| 270 ## - ADDRESS | |
| Address | 4596/1-A, Ansari Raod, Darya Ganj |
| City | New Delhi |
| Postal code | 110002 |
| 300 ## - PHYSICAL DESCRIPTION | |
| Extent | xiii,248p. : |
| Dimensions | 19cm(Hb) |
| Other physical details | ill. |
| 500 ## - GENERAL NOTE | |
| General note | Includes index |
| 650 ## - SUBJECT ADDED ENTRY--TOPICAL TERM | |
| Topical term or geographic name as entry element | The Human heart |
| 9 (RLIN) | 42331 |
| 650 ## - SUBJECT ADDED ENTRY--TOPICAL TERM | |
| Topical term or geographic name as entry element | Diseases -- Heart |
| 9 (RLIN) | 42332 |
| 942 ## - ADDED ENTRY ELEMENTS (KOHA) | |
| Source of classification or shelving scheme | Dewey Decimal Classification |
| Koha item type | English Books |
| Classification part | 616.12 |
| Call number suffix | LUT |
| Withdrawn status | Lost status | Damaged status | Not for loan | Home library | Current library | Date acquired | Source of acquisition | Cost, normal purchase price | Total Checkouts | Full call number | Barcode | Date last seen | Date checked out | Copy number | Cost, replacement price | Price effective from | Koha item type | Source of classification or shelving scheme | Collection code |
|---|---|---|---|---|---|---|---|---|---|---|---|---|---|---|---|---|---|---|---|
| Central Library | Central Library | 01/08/2015 | Cen Lib/Ret | 0.00 | 1 | 616.12 LUT | B-094578 | 30/07/2018 | 17/07/2018 | 1 | 0.00 | 01/08/2015 | English Books | ||||||
| Sarojini Nagar | Sarojini Nagar | 08/05/2019 | 616.12 LUT | B-094614 | 08/05/2019 | 08/05/2019 | English Books | Dewey Decimal Classification | Non-fiction |
